[Event "Mechanics' Spring TNM; 30/90, SD/30"]
[Site "San Francisco"]
[Date "2013.04.09"]
[Round "4.11"]
[White "Anderson, Michael"]
[Black "Shi, Jaysen"]
[Result "1-0"]
[WhiteElo "1953"]
[BlackElo "1736"]
[PlyCount "155"]
[EventDate "2013.??.??"]

1. e4 e6 2. d4 d5 3. Nc3 Bb4 4. e5 Ne7 5. Bd2 Nbc6 6. Nb5 Bxd2+ 7. Qxd2 Nf5 8.
c3 Bd7 9. f4 Qh4+ 10. Qf2 Qxf2+ 11. Kxf2 O-O-O 12. g4 Nfe7 13. Nf3 h5 14. g5
Nf5 15. Bd3 a6 16. Na3 Nce7 17. h4 c6 18. b4 Kc7 19. Nc2 Ra8 20. a4 Rhb8 21. a5
Ng6 22. Bxf5 exf5 23. Kg3 b6 24. axb6+ Rxb6 25. Ra5 Rb5 26. Rha1 Rxa5 27. Rxa5
Ne7 28. Nd2 Nc8 29. Nb3 Nb6 30. Na3 Bc8 31. Nc5 Nd7 32. Nxd7 Bxd7 33. Nb1 Kb7
34. Nd2 g6 35. Nb3 Bc8 36. Nc5+ Kc7 37. Kf3 Kb6 38. Ke3 Ka7 39. Kd2 Rb8 40. Kc2
Rb5 41. Ra1 Kb6 42. Nb3 Ka7 43. Na5 Rb6 44. Kb3 Be6 45. Ka3 Bc8 46. c4 Bd7 47.
cxd5 cxd5 48. Rc1 Kb8 49. Nb3 Bb5 50. Nc5 Ka7 51. Re1 Bc4 52. e6 fxe6 53. Rxe6
Rxe6 54. Nxe6 Bb5 55. Nf8 Be8 56. Nh7 Kb6 57. Nf6 Bc6 58. Kb3 Kb5 59. Ng8 Be8
60. Nf6 Bf7 61. Nd7 Be8 62. Nf6 Bc6 63. Nh7 Kb6 64. Nf8 Be8 65. Ne6 Kc6 66. Nc5
Kb5 67. Na4 a5 $4 68. Nc3+ Ka6 69. bxa5 Kxa5 70. Nxd5 Bd7 71. Kc4 Ka6 72. Kc5
Kb7 73. Kd6 Bc6 74. Nf6 Kb6 75. d5 Bb5 76. Ke7 Kc5 77. d6 Kd4 78. Kf7 1-0

[Event "Mechanics' Fall TNM; 30/90, SD/30"]
[Site "San Francisco"]
[Date "2013.10.29"]
[Round "2.11"]
[White "Anderson, Michael"]
[Black "Simpkins, Jerry"]
[Result "1-0"]
[WhiteElo "1936"]
[BlackElo "1571"]
[PlyCount "41"]
[EventDate "2013.??.??"]

1. e4 e5 2. Nf3 d5 3. exd5 e4 4. Qe2 f5 5. d3 Bb4+ 6. c3 Be7 7. dxe4 fxe4 8.
Nd4 Nf6 9. Qb5+ Kf7 10. Ne6 Bxe6 11. dxe6+ Kxe6 12. Bc4+ Nd5 13. Qxb7 c6 14.
Qxa8 Qb6 15. O-O Rf8 16. Be3 Qxb2 17. Nd2 Kd6 18. Bxd5 cxd5 19. Rab1 Qxa2 20.
Rxb8 Rf5 21. Rc8 1-0

[Event "Mechanics' Spring TNM; 30/90, SD/30"]
[Site "San Francisco"]
[Date "2013.03.26"]
[Round "2.3"]
[White "Anderson, Michael"]
[Black "Thornally, Frank"]
[Result "1-0"]
[WhiteElo "1953"]
[BlackElo "2218"]
[PlyCount "81"]
[EventDate "2013.??.??"]

1. e4 e5 2. Nf3 Nc6 3. d4 exd4 4. Nxd4 Nf6 5. Nxc6 bxc6 6. e5 Qe7 7. Qe2 Nd5 8.
c4 Nb6 9. Nc3 Qe6 10. Qe4 g6 11. Be3 Bg7 12. f4 d6 $4 13. Bxb6 dxe5 14. Bc5 f5
15. Qe3 exf4 16. Qxe6+ Bxe6 17. O-O-O Kf7 18. Be2 h5 19. Bf3 Rad8 20. Bxc6 Bxc4
21. Bd5+ Bxd5 22. Nxd5 Rd7 23. Nxf4 Rhd8 24. Rxd7+ Rxd7 25. Kc2 a6 26. Nd3 Rd5
27. Re1 Bf6 28. Bb4 g5 29. Bc3 f4 30. Bxf6 Kxf6 31. Kc3 a5 32. Kc4 Rf5 33. Rf1
Ke6 34. h4 f3 35. hxg5 fxg2 36. Rg1 Rxg5 37. Rxg2 Rxg2 38. Nf4+ Kf5 39. Nxg2
Kg4 40. a4 Kg3 41. b4 1-0

[Event "Mechanics' Spring TNM; 30/90, SD/30"]
[Site "San Francisco"]
[Date "2013.04.23"]
[Round "6.4"]
[White "Anderson, Michael"]
[Black "Tsodikova, Natalya"]
[Result "1-0"]
[WhiteElo "1953"]
[BlackElo "2262"]
[Annotator "Anderson"]
[PlyCount "80"]
[EventDate "2013.??.??"]

1. e4 c5 2. d4 cxd4 3. c3 g6 4. cxd4 d5 5. e5 Nc6 6. Nf3 Nh6 7. Nc3 Nf5 8. g4 {
A move chosen out of paranoia... clearly bad by many standards... There are
many other moves that could have been played... but White feared that his
"higher rated opponent" would outplay him in a positional game. Of course that
is faulty thinking as the only way to really improve is perfecting and
refining one's positional play! Below are some alternatives..} ({Houdini 1)} 8.
Be2 e6 9. O-O Bd7 10. a3 Be7 11. b4 O-O 12. Qd3 Rc8 13. Bd2 a6 14. Rac1 h5 15.
Bd1 Re8 16. h3 Qb6 17. Ba4 Qc7 18. Bc2) ({Houdini: 2)} 8. Bb5 h5 9. O-O Bg7 10.
Na4 O-O 11. Bf4 Bd7 12. Be2 Rc8 13. Rc1 Nb4 14. Nc3 e6 15. a3 Nc6 16. Na4 b6
17. Nc3) ({Houdini: 3)} 8. a3 a6 9. Be2 Qb6 10. Be3 Be6 11. Na4 Qc7 12. Nc5
Nxe3 13. fxe3 Bf5 14. Qb3 Bh6 15. Kf2 O-O 16. Rac1 Rfc8 17. Qxd5 e6 18. Qd7) ({
Houdini: 4)} 8. Bf4 h6 9. h3 e6 10. Qd2 Bd7 11. Be2 g5 12. Be3 Be7 13. O-O O-O
14. Rac1 Rc8 15. Bd3 Nxe3 16. fxe3 Nb4 17. a3 Nxd3 18. Qxd3) 8... Ng7 9. h3 h5
10. g5 Nf5 11. Bg2 e6 12. O-O h4 13. Ne2 Be7 14. a3 a5 15. Bf4 {The ridiculous
placement of this piece just to defend a pawn is proof enough why 8. g4 is
faulty thinking.} Kf8 16. b3 ({Houdini:} 16. Nc3 Bd7 17. Re1 Qb6 18. Na4 Qa7
19. Be3 Kg7 20. Rc1 Rac8 21. Nc3 a4 22. Rf1 Qb6 23. Qd2 Qb3 24. Bf4 Qc4 25. Ne4
) 16... Kg7 17. Qd2 Bd7 18. Rfb1 Qb6 19. Be3 Rac8 20. Nh2 Na7 21. Ng4 Bb5 22.
Nf4 Nxe3 23. Qxe3 Rc2 24. Nf6 ({Houdini:} 24. a4 Ba6 25. Rc1 Rxc1+ 26. Rxc1 Nc6
27. Rd1 Bb4 28. Bf1 Bxf1 29. Kxf1 Rc8 30. Ng2 Ne7 31. Nxh4 Bc3 32. Kg2 Qxb3 33.
Rc1 Qb4 34. Qf4 Nf5 35. Nxf5+ gxf5 36. Nf6 Qxa4) 24... Rhc8 {
Houdini evaluates Black as 0.5 better than White ever since 8. g4. i.e. =/+}
25. Rc1 $4 {This is time pressure.. White had 1 minute for 5 moves.... White
is totally lost.} ({25. Bxd5 is the only way to avoid a lost game. White
actually looked at this move (not the variation) but didn't play it until move
28... by that time it was almost too late... Houdini gives the following
variation...} 25. Bxd5 exd5 26. N4xd5 Qe6 27. Qf4 Re2 28. Rc1 Bc6 29. Nxe7 Qxe7
30. Qg4 Rd2 31. d5 Qxe5 32. Re1 Qf5 33. Nh5+ Kf8 34. Qxf5 gxf5 35. dxc6 Nxc6
36. Kg2 Rcd8 37. Nf4 Nd4 38. Rac1 Nxb3 39. Rc7 R8d7 40. Rxd7 Rxd7) 25... Rxc1+
26. Rxc1 Bxa3 {Allows White to continue to squirm.} ({
Houdini gives the following line ... and it just wins for Black!} 26... Rxc1+
27. Qxc1 Qxd4 28. a4 Bc6 29. Ng4 Qb6 30. Qb2 Bxg5 31. Nd3 d4 32. Qc2 Be7 33.
Qc1 g5 34. Qd1 Qd8 35. Bxc6 Nxc6 36. Qf3 Qd5 37. Qxd5 exd5 38. Kg2 Nb4 39. Nxb4
Bxb4) 27. Rxc8 ({Houdini says the following line is equal.} 27. Rxc8 Nxc8 28.
N4xd5 exd5 29. Qf4 Qd8 30. Bxd5 Nb6 31. Nh5+ Kh8 32. Qxh4 Kg8 33. Nf6+ Kf8 34.
Bxb7 Bb2 35. Ne4 Qxd4 36. Qh8+ Ke7 37. Qf6+ Kf8 38. Nd6 Qd1+ 39. Kg2 Qxb3 40.
Nxb5 Qxb5 41. Qh8+ Ke7 42. Qf6+ Kf8 43. Qh8+) 27... Nxc8 28. Bxd5 exd5 29. e6
$4 {Trying desperately to get the queen to e5! Yet it was another egregious
blunder caused by time pressure!} ({
White should have played the following line from Houdini:} 29. N4xd5 Qc6 30.
Nc3 Na7 31. Nfe4 Qb6 32. Qf4 Qd8 33. Qxh4 Qh8 34. Qf4 Qxh3 35. Qf6+ Kg8 36.
Qd8+ Bf8 37. Nf6+ Kg7 38. Nxb5 Nxb5 39. Ne8+ Kg8 40. Nf6+ Kg7 41. Ne8+) 29...
fxe6 {29... Qc7 is a tough move to find during time pressure and right before
time control. The idea is to leave the pawn hanging and play the prophylactic
move 29... Qc7 preventing the damaging 30.Qe5! which is all White had in the
position.} ({Houdini:} 29... Qc7 30. Nd3 Bd6 31. Nc5 b6 32. Ncd7 Qd8 33. Ne5
fxe6 34. Qf4 Bxe5 35. Qxe5 Kf7 36. Qf4 Nd6 37. Qxh4 Qf8 38. Qf4 Kg7 39. h4 Nf7
40. Kg2 Qd6 41. Qc1 Qd8 42. Qe3 Qe7 43. Qf4 Nd6 44. Qe5 Kf7 45. h5) 30. Qe5 {!}
Kf7 {The best try... all other moves seem to lose significant material.} 31.
Ng4 Be7 ({Another try according to Houdini is 31...Ke8 :} 31... Ke8 {Houdini:}
32. Nxe6 Bd6 33. Qh8+ Ke7 34. Qf6+ Kd7 35. Qf7+ Be7 36. Ne5+ Kd6 37. Qxg6 Bc6
38. Qf5 Bxg5 39. Nf7+ Ke7 40. Nfxg5 Kd7 41. Qf7+ Ne7 42. Qf8 Nc8 43. Qg7+ Ne7
44. Nc5+ Kc8 45. Nge6 Kb8 46. Qxe7 Qb4 47. Qxh4 Qe1+) 32. Qh8 Bf8 33. Ne5+ Ke8
34. Nfxg6 Qd6 35. Qg8 a4 36. bxa4 Bxa4 37. Qf7+ Kd8 38. Nxf8 Bd7 39. Nfxd7 Ne7
40. Qf8+ Kc7 1-0

[Event "Mechanics' Fall TNM; 30/90, SD/30"]
[Site "San Francisco"]
[Date "2013.11.05"]
[Round "3.3"]
[White "Anderson, Michael"]
[Black "Watson, Farid Mark"]
[Result "0-1"]
[WhiteElo "1936"]
[BlackElo "2078"]
[PlyCount "68"]
[EventDate "2013.??.??"]

1. e4 c5 2. d4 cxd4 3. c3 g6 4. cxd4 d5 5. Bb5+ Bd7 6. Bxd7+ Qxd7 7. e5 Bg7 8.
f4 Nc6 9. Ne2 h5 10. Nbc3 Nh6 11. Be3 Nf5 12. Bf2 e6 13. Qa4 Bf8 14. a3 Be7 15.
b4 a6 16. b5 Na7 17. Rb1 Rc8 18. bxa6 Qxa4 19. Nxa4 bxa6 20. Nc5 Nb5 21. Nxa6
Nxa3 22. Rb7 O-O 23. O-O Rc2 24. Ng3 Nxg3 25. Bxg3 Bd8 26. Be1 Nc4 27. Rb3 Bb6
28. Nc5 Rc8 29. Bf2 Bxc5 30. dxc5 Nd2 31. Rb6 Nxf1 32. Kxf1 Ra8 33. c6 Ra1+ 34.
Be1 Rcc1 0-1

[Event "Mechanics' Neil Falconer TNM; 30/90, SD"]
[Site "San Francisco"]
[Date "2013.08.20"]
[Round "3.13"]
[White "Anderson, Michael Gene"]
[Black "Salvo, Tab"]
[Result "1-0"]
[WhiteElo "1997"]
[BlackElo "1663"]
[PlyCount "41"]
[EventDate "2013.??.??"]

1. e4 c5 2. d4 cxd4 3. c3 dxc3 4. Nxc3 Nc6 5. Nf3 h6 6. Bc4 e6 7. Bf4 a6 8. O-O
Be7 9. Re1 Nf6 10. Nd5 Bc5 11. Bc7 exd5 12. Bxd8 Nxd8 13. exd5+ Kf8 14. Nd2 Bd6
15. Ne4 Nxe4 16. Rxe4 f6 17. Qh5 Nf7 18. Rae1 Ne5 19. Rxe5 fxe5 20. Rxe5 Bxe5
21. d6 1-0

[Event "Mechanics' Neil Falconer TNM; 30/90, SD"]
[Site "San Francisco"]
[Date "2013.09.03"]
[Round "5.15"]
[White "Anderson, Michael Gene"]
[Black "Standen, Julian"]
[Result "1-0"]
[WhiteElo "1997"]
[BlackElo "1625"]
[PlyCount "101"]
[EventDate "2013.??.??"]

1. e4 d5 2. exd5 Qxd5 3. Nc3 Qa5 4. d4 Bf5 5. Bc4 e6 6. Nge2 Nf6 7. O-O Be7 8.
Ng3 Bg6 9. Bf4 O-O 10. a3 c6 11. Qe2 a6 12. b4 Qd8 13. Rad1 Nd5 14. Nxd5 cxd5
15. Bb3 Nc6 16. Bc1 b5 17. f4 Bf6 18. c3 Qd7 19. Qf3 Ne7 20. Nh5 Bxh5 21. Qxh5
g6 22. Qh3 Bg7 23. Rd3 h5 24. Bd1 f5 25. Bd2 Rac8 26. Be1 Rc6 27. Bh4 Rfc8 28.
Rff3 Kf7 29. Kf1 Qc7 30. Bg5 Qd7 31. Rg3 Ng8 32. Rde3 Qc7 33. Be2 Nf6 34. Bxf6
Bxf6 35. Ref3 Qd8 36. Rd3 Qc7 37. Rgf3 Be7 38. Qg3 Bd6 39. Qf2 Qb8 40. h3 Qc7
41. g4 hxg4 42. hxg4 Rh8 43. Rh3 Qd8 44. gxf5 gxf5 45. Bh5+ Ke7 46. Rdg3 Kd7
47. Rg7+ Kc8 48. Qe3 Qf6 49. Rg6 Qf7 50. Rh6 Qc7 51. Rxh8+ 1-0

[Event "Mechanics' Summer TNM; 30/90, SD/30"]
[Site "San Francisco"]
[Date "2013.05.28"]
[Round "1.18"]
[White "Andries, Craig"]
[Black "Brown, Nicholas"]
[Result "1-0"]
[WhiteElo "1963"]
[BlackElo "1570"]
[PlyCount "109"]
[EventDate "2013.??.??"]

1. Nf3 d5 2. d3 Nc6 3. g3 e5 4. Nbd2 Nf6 5. e4 Be6 6. Bg2 Bb4 7. c3 Be7 8. O-O
Bg4 9. h3 dxe4 10. dxe4 Be6 11. Ng5 Qd7 12. Nxe6 Qxe6 13. Qe2 O-O 14. Nf3 Rad8
15. Bg5 Nd7 16. Be3 Nf6 17. Nh4 Bd6 18. Nf5 Ne7 19. Nxd6 Rxd6 20. Qb5 b6 21.
Qa4 a5 22. Rfd1 Rfd8 23. Rxd6 Qxd6 24. Bf3 Qd7 25. Qxd7 Rxd7 26. Bg5 Rd6 27.
Kf1 Ng6 28. Ke2 Nf8 29. Rd1 Rxd1 30. Kxd1 N8d7 31. Be3 Ne8 32. Be2 Nd6 33. f3
f6 34. Kc2 Kf7 35. b4 axb4 36. cxb4 Ke6 37. a4 Nb8 38. Kb3 Nc6 39. Kc3 g6 40.
g4 f5 41. Bc4+ Nxc4 42. Kxc4 fxe4 43. fxe4 Kd6 44. h4 Na7 45. Bh6 c6 46. Bf8+
Kd7 47. a5 bxa5 48. bxa5 Nb5 49. Kc5 Kc7 50. a6 Kd7 51. Kb6 Nc7 52. a7 Na8+ 53.
Kb7 Nc7 54. Bg7 Kd6 55. Bxe5+ 1-0

[Event "Mechanics' Neil Falconer TNM; 30/90, SD"]
[Site "San Francisco"]
[Date "2013.09.24"]
[Round "8.10"]
[White "Andries, Craig"]
[Black "Campers Jr, Willie"]
[Result "1-0"]
[WhiteElo "1956"]
[BlackElo "1648"]
[PlyCount "107"]
[EventDate "2013.??.??"]

1. e4 e6 2. d3 d5 3. Nd2 c5 4. Ngf3 Nf6 5. g3 Nc6 6. Bg2 Be7 7. O-O O-O 8. e5
Nd7 9. Re1 f6 10. exf6 Nxf6 11. Bh3 Qd6 12. Qe2 Nd8 13. Nf1 Qb6 14. Ng5 Ne8 15.
Bxe6+ Bxe6 16. Nxe6 Nxe6 17. Qxe6+ Qxe6 18. Rxe6 Bf6 19. c3 Nc7 20. Re1 d4 21.
c4 b5 22. b3 bxc4 23. bxc4 a5 24. Bf4 Na6 25. a3 h6 26. h4 Rf7 27. Nd2 Bxh4 28.
Re6 Be7 29. Rb1 g5 30. Be5 Bf8 31. Rbb6 Nc7 32. Rg6+ Kh7 33. Rgc6 Ne8 34. Ne4
Raa7 35. Nxc5 Rf5 36. Bxd4 Re7 37. Ne6 Kg8 38. Nxf8 Re1+ 39. Kg2 Kxf8 40. Be3
Re2 41. Rxh6 g4 42. Rhe6 Kf7 43. Re4 Nf6 44. Rf4 Rxf4 45. Bxf4 Nd7 46. Rb5 a4
47. d4 Ra2 48. Bd6 Ke6 49. Bb4 Nf6 50. Ra5 Rc2 51. d5+ Kd7 52. Ra7+ Kc8 53. Rf7
Ne4 54. d6 1-0

[Event "Mechanics' Neil Falconer TNM; 30/90, SD"]
[Site "San Francisco"]
[Date "2013.09.10"]
[Round "6.13"]
[White "Andries, Craig"]
[Black "Drane, Robert"]
[Result "1-0"]
[WhiteElo "1956"]
[BlackElo "1811"]
[PlyCount "71"]
[EventDate "2013.??.??"]

1. e4 Nf6 2. d3 e5 3. Nf3 Nc6 4. g3 Bc5 5. Bg2 d6 6. O-O h6 7. c3 Bg4 8. Nbd2
Qd7 9. Nc4 a6 10. Be3 Bh3 11. Bxc5 dxc5 12. Ncxe5 Nxe5 13. Nxe5 Qe6 14. Qb3
Qxb3 15. axb3 Be6 16. c4 Rd8 17. Rfd1 Ke7 18. h3 g5 19. Ra5 Nd7 20. Nxd7 Rxd7
21. f4 b6 22. Rxa6 Rd4 23. f5 Bc8 24. Ra7 Kd6 25. Kf2 f6 26. g4 Bd7 27. Bf3 Rc8
28. Ke3 Ke5 29. Rh1 Bc6 30. h4 Rcd8 31. Be2 R4d7 32. hxg5 hxg5 33. Raa1 Ra8 34.
Rxa8 Bxa8 35. Rh8 Bc6 36. Re8+ 1-0

[Event "Mechanics' Fall TNM; 30/90, SD/30"]
[Site "San Francisco"]
[Date "2013.11.26"]
[Round "6.13"]
[White "Andries, Craig"]
[Black "Flores, David"]
[Result "1/2-1/2"]
[WhiteElo "1956"]
[BlackElo "1650"]
[PlyCount "110"]
[EventDate "2013.??.??"]

1. Nf3 Nf6 2. d3 g6 3. e4 d6 4. g3 Bg7 5. Bg2 O-O 6. O-O Bg4 7. h3 Bd7 8. c3 c5
9. a4 Nc6 10. Nbd2 Rb8 11. Qe2 Qc8 12. Kh2 Nh5 13. Nc4 Qc7 14. Ne3 e6 15. Nd2
Kh8 16. f4 Ne7 17. Ndc4 Rbe8 18. Bf3 d5 19. Nd2 Nf6 20. Qg2 Bc6 21. e5 Nd7 22.
d4 a6 23. b4 cxd4 24. cxd4 Nb6 25. a5 Nbc8 26. Nb3 Bb5 27. Be2 Bxe2 28. Qxe2
Na7 29. Bb2 Nb5 30. Rac1 Nc6 31. Qd2 Qe7 32. Nc5 h5 33. Nxa6 Nxe5 34. Nc5 Nc6
35. Nc2 Nd6 36. Qd3 Nc4 37. Bc3 Na7 38. Ne3 Nd6 39. Rfd1 h4 40. g4 Qc7 41. Ng2
Nc4 42. Rf1 Bh6 43. Kh1 g5 44. Be1 Qe7 45. Rc2 Nb5 46. Re2 Rg8 47. Ne3 Qc7 48.
Nxc4 dxc4 49. Qxc4 Qc6+ 50. Kg1 Rd8 51. Bc3 Nxc3 52. Qxc3 Bg7 53. Rd2 Qd5 54.
Rfd1 gxf4 55. Qd3 f5 1/2-1/2

[Event "Mechanics' Summer TNM; 30/90, SD/30"]
[Site "San Francisco"]
[Date "2013.06.25"]
[Round "5.15"]
[White "Andries, Craig"]
[Black "Hakobyan, Sos"]
[Result "1-0"]
[WhiteElo "1963"]
[BlackElo "1765"]
[PlyCount "129"]
[EventDate "2013.??.??"]

1. Nf3 e6 2. d3 Nc6 3. e4 d5 4. Nbd2 Nge7 5. g3 Ng6 6. Bg2 Be7 7. O-O dxe4 8.
dxe4 e5 9. c3 a5 10. a4 h5 11. h4 Bg4 12. Qb3 Rb8 13. Qb5 Bd7 14. Qe2 Bg4 15.
Nc4 O-O 16. Rd1 Qc8 17. Ne3 f5 18. Nxg4 fxg4 19. Qc4+ Kh8 20. Ng5 Qe8 21. Be3
Bxg5 22. Bxg5 Qf7 23. Qxf7 Rxf7 24. Rd2 Nf8 25. Rad1 b5 26. axb5 Rxb5 27. Bf1
Rb8 28. Bc4 Rf3 29. Be3 a4 30. Ra1 Na5 31. Rxa4 Nxc4 32. Rxc4 Rb7 33. Rc5 Ng6
34. b4 Rf7 35. Rd8+ Kh7 36. Re8 Ra7 37. Ra5 Rb7 38. Ra6 Ne7 39. Bc5 Ng8 40.
Rxe5 Nf6 41. Be7 Kg6 42. Rg5+ Kh6 43. Bxf6 Rxf6 44. Rxf6+ gxf6 45. Rc5 Ra7 46.
Kg2 Kg6 47. Ra5 Rb7 48. f3 c6 49. fxg4 hxg4 50. Kf2 Kf7 51. Ke3 Ke6 52. Kf4 Rg7
53. h5 Rg8 54. h6 Rh8 55. Rh5 f5 56. exf5+ Kf6 57. Kxg4 Kf7 58. Kf4 Rh7 59. g4
Kg8 60. Rg5+ Kh8 61. Rg6 Rc7 62. g5 c5 63. b5 c4 64. Rc6 Rb7 65. Rc8+ 1-0

[Event "Mechanics' Fall TNM; 30/90, SD/30"]
[Site "San Francisco"]
[Date "2013.10.29"]
[Round "2.10"]
[White "Andries, Craig"]
[Black "Hakobyan, Sos"]
[Result "1-0"]
[WhiteElo "1956"]
[BlackElo "1812"]
[PlyCount "91"]
[EventDate "2013.??.??"]

1. d4 Nf6 2. Nf3 c5 3. e3 b6 4. c3 d6 5. Nbd2 Nbd7 6. Be2 Bb7 7. O-O g6 8. Ne1
Qc7 9. f4 e6 10. Bf3 h5 11. Bxb7 Qxb7 12. Qf3 Qxf3 13. Nexf3 Bg7 14. Nc4 Ne4
15. Ng5 Ndf6 16. Nxe4 Nxe4 17. Nd2 d5 18. Nxe4 dxe4 19. Bd2 cxd4 20. cxd4 Rc8
21. Rfc1 Kd7 22. Kf1 Rxc1+ 23. Rxc1 Rc8 24. Rxc8 Kxc8 25. h3 Kd7 26. g4 hxg4
27. hxg4 Kc6 28. Bb4 a5 29. Be7 b5 30. Bd8 a4 31. Be7 Kd5 32. b3 Kc6 33. Ke2
Kd5 34. g5 Kc6 35. Kd2 Kd7 36. Bc5 axb3 37. axb3 f6 38. Kc3 e5 $4 39. gxf6 Bxf6
40. dxe5 Bh4 41. Kd4 g5 42. Kxe4 g4 43. f5 Bg5 44. b4 Bh6 45. e6+ Ke8 46. f6
1-0

[Event "Mechanics' Winter TNM; 30/90, SD/30"]
[Site "San Francisco"]
[Date "2013.01.08"]
[Round "1.23"]
[White "Andries, Craig"]
[Black "Harris, Clarence"]
[Result "1-0"]
[WhiteElo "1942"]
[BlackElo "1418"]
[PlyCount "95"]
[EventDate "2013.??.??"]

1. e4 e5 2. d3 Nf6 3. Nd2 Bb4 4. c3 Be7 5. Ngf3 Nc6 6. g3 O-O 7. Bg2 d6 8. O-O
Be6 9. Ng5 Bg4 10. f3 Bd7 11. Nh3 Qc8 12. Nf2 Be6 13. c4 Nd4 14. Nb3 c5 15.
Nxd4 cxd4 16. Bd2 b6 17. b4 Qd7 18. a4 a5 19. b5 Rac8 20. Rc1 Rc5 21. h3 Nh5
22. Kh2 Nf6 23. f4 exf4 24. gxf4 Qd8 25. f5 Bd7 26. Ng4 Nxg4+ 27. Qxg4 Bf6 28.
Kh1 Kh8 29. Rf3 Rg8 30. Qg3 Qe7 31. Bf4 Be5 32. Qf2 f6 33. Rf1 Be8 34. Rg3 Bh5
35. Rg1 Bxf4 36. Qxf4 Qe5 37. Qf2 Be2 38. Bf1 Bd1 39. Be2 Bxa4 40. Rg4 Bxb5 41.
cxb5 Rc2 42. Qh4 g6 43. Rxg6 Rxg6 44. fxg6 Rc7 45. Rf1 Qg5 46. Qf4 Qxf4 47.
Rxf4 hxg6 48. Rxf6 1-0

[Event "Mechanics' Summer TNM; 30/90, SD/30"]
[Site "San Francisco"]
[Date "2013.07.16"]
[Round "8.5"]
[White "Andries, Craig"]
[Black "Ivanov, Aleksandr"]
[Result "0-1"]
[WhiteElo "1963"]
[BlackElo "2078"]
[PlyCount "52"]
[EventDate "2013.??.??"]

1. Nf3 d5 2. d3 Bg4 3. Nbd2 Nc6 4. g3 e5 5. Bg2 Nf6 6. e4 dxe4 7. dxe4 Bc5 8.
O-O Qd7 9. c3 a6 10. Qe2 Rd8 11. Nb3 Bb6 12. Bg5 Qe6 13. Nbd2 O-O 14. Be3 Bxe3
15. Qxe3 h6 16. b3 Rd7 17. Rfd1 Rfd8 18. Qe1 Rd3 19. Rac1 Qd7 20. Bf1 Bxf3 21.
Bxd3 Bxd1 22. Bc2 Qxd2 23. Qxd1 Qxc3 24. Qf1 Rd2 25. Bb1 Qd4 26. Qe1 Ng4 0-1

[Event "Mechanics' Winter TNM; 30/90, SD/30"]
[Site "San Francisco"]
[Date "2013.02.05"]
[Round "5.8"]
[White "Andries, Craig"]
[Black "Murugapappan, Ganesh"]
[Result "1-0"]
[WhiteElo "1942"]
[BlackElo "1660"]
[PlyCount "45"]
[EventDate "2013.??.??"]

1. Nf3 Nc6 2. e4 e5 3. d3 Nf6 4. g3 d6 5. Bg2 Bg4 6. c3 Be7 7. Nbd2 O-O 8. h3
Bd7 9. Qe2 Qc8 10. Nc4 b5 11. Ne3 b4 12. Bd2 bxc3 13. Bxc3 Rb8 14. Qd2 Re8 15.
Nh4 Bf8 16. Nef5 Ne7 17. Ne3 c6 18. Ke2 Qc7 19. Nc4 Ng6 20. Nf5 d5 21. Ba5 Qb7
22. Ncd6 Bxd6 23. Nxd6 {and White went on to win. Remaining moves unavailable.}
1-0

[Event "Mechanics' Neil Falconer TNM; 30/90, SD"]
[Site "San Francisco"]
[Date "2013.08.13"]
[Round "2.11"]
[White "Andries, Craig"]
[Black "Ross, David"]
[Result "1-0"]
[WhiteElo "1075"]
[BlackElo "1956"]
[PlyCount "49"]
[EventDate "2013.??.??"]

1. Nf3 Nc6 2. d3 e5 3. e4 Nf6 4. g3 Bc5 5. Bg2 d6 6. c3 O-O 7. O-O Be6 8. h3 h6
9. Kh2 a5 10. d4 Bc4 11. dxc5 Bxf1 12. Bxf1 Nxe4 13. Be3 Nxc5 14. Bxc5 dxc5 15.
Nbd2 Qf6 16. Ne4 Qf5 17. Qe2 Rfd8 18. Nh4 Qc8 19. Qf3 Rf8 20. Nf5 Kh7 21. Bd3
g6 22. Nf6+ Kh8 23. Nxh6 Qe6 24. Nhg4 Rad8 25. Qe3 1-0

[Event "Mechanics' Fall TNM; 30/90, SD/30"]
[Site "San Francisco"]
[Date "2013.11.05"]
[Round "3.2"]
[White "Andries, Craig"]
[Black "Shakhnazarov, Oleg"]
[Result "0-1"]
[WhiteElo "1956"]
[BlackElo "2187"]
[Annotator "Donaldson"]
[PlyCount "86"]
[EventDate "2013.??.??"]

1. e4 c5 2. d3 Nc6 3. Nf3 e6 4. g3 Nf6 5. Bg2 Be7 6. O-O d5 7. e5 Nd7 8. Re1 g5
$5 9. g4 (9. h3 h5) (9. c4 $5) 9... h5 10. h3 hxg4 11. hxg4 Qc7 12. Qe2 b6 13.
Nbd2 Bb7 14. c3 O-O-O 15. Nf1 Rdg8 16. Bd2 Kb8 17. a3 Na5 18. b4 Nb3 19. Rab1
c4 20. d4 f5 21. exf6 Nxf6 22. Qxe6 Ne4 23. Rxe4 dxe4 24. Ne5 Rd8 25. Qxc4 Qxc4
26. Nxc4 Nxd2 27. Ncxd2 Bd6 28. Nxe4 Bf4 29. Nfg3 Rh4 30. f3 Rc8 31. Ne2 Be3+
32. Kf1 Bxe4 33. fxe4 Rxg4 34. Ng1 Rxc3 35. Ne2 Rc8 36. Rb3 Rf8+ 37. Ke1 Bf2+
38. Kf1 Bxd4+ 39. Bf3 Rxe4 40. Kg2 Rxe2+ 41. Bxe2 Rf2+ 42. Kg3 Rxe2 43. Kf3
Re3+ 0-1

[Event "Mechanics' Winter TNM; 30/90, SD/30"]
[Site "San Francisco"]
[Date "2013.02.26"]
[Round "8.5"]
[White "Andries, Craig"]
[Black "Shakhnazarov, Oleg"]
[Result "1-0"]
[WhiteElo "1942"]
[BlackElo "2184"]
[PlyCount "69"]
[EventDate "2013.??.??"]

1. e4 e6 2. d3 d6 3. Nf3 Be7 4. g3 g5 5. h4 g4 6. Nfd2 h5 7. d4 c6 8. b3 Nd7 9.
Bb2 Bf6 10. Nc4 Qc7 11. Nbd2 b5 12. Nxd6+ Qxd6 13. e5 Qd5 14. Rg1 Nxe5 15. dxe5
Be7 16. Bg2 Qd7 17. Qe2 Bb7 18. O-O-O Qc7 19. Ne4 Kf8 20. Nd6 a5 21. Qe4 a4 22.
Nxb7 a3 23. Bc3 Qxb7 24. Bb4 Rc8 25. Bd6 Qa7 26. Rgf1 Kg7 27. Qb4 Bxd6 28. Rxd6
Ne7 29. Qf4 Rh6 30. Be4 Ng6 31. Qf6+ Kg8 32. Rfd1 Rf8 33. Rd8 Qc5 34. R1d7 Nxe5
35. Qxh6 1-0

[Event "Mechanics' Neil Falconer TNM; 30/90, SD"]
[Site "San Francisco"]
[Date "2013.08.27"]
[Round "4.12"]
[White "Andries, Craig"]
[Black "Sherwood, Peter"]
[Result "1-0"]
[WhiteElo "1956"]
[BlackElo "1816"]
[PlyCount "107"]
[EventDate "2013.??.??"]

1. Nf3 d5 2. d3 Nf6 3. Nbd2 Nc6 4. g3 e5 5. e4 dxe4 6. dxe4 Bc5 7. Bg2 O-O 8.
O-O Bg4 9. h3 Be6 10. Qe2 Qe7 11. c3 Rad8 12. Kh2 a6 13. a4 Nd7 14. b4 Bd6 15.
Nc4 h6 16. Nh4 Qf6 17. Ne3 Ne7 18. Ng4 Bxg4 19. hxg4 Rfe8 20. Nf3 g5 21. Be3
Qe6 22. Nd2 Nf6 23. f3 Kg7 24. Nc4 Rh8 25. Kg1 Rdg8 26. Rad1 Kf8 27. Nxd6 cxd6
28. Qd2 Nc8 29. Rfe1 Ke7 30. c4 Qxc4 31. Rc1 Qe6 32. Rc7+ Nd7 33. Rec1 Kf6 34.
Bf1 Rd8 35. Bc4 Qe8 36. Bb3 Rf8 37. Rxb7 Qe7 38. Rbc7 Kg7 39. R1c6 Qf6 40. Kg2
Nb8 41. Rc1 Nd7 42. Qd3 Nb8 43. b5 axb5 44. Qxb5 Ne7 45. a5 Nec6 46. R1xc6 Nxc6
47. Qxc6 Rb8 48. Bb6 Ra8 49. Bd5 Rab8 50. a6 Kg6 51. a7 Ra8 52. Qxa8 Rxa8 53.
Bxa8 d5 54. Rc6 1-0

[Event "Mechanics' Summer TNM; 30/90, SD/30"]
[Site "San Francisco"]
[Date "2013.06.11"]
[Round "3.20"]
[White "Andries, Craig"]
[Black "Standen, Julian"]
[Result "1-0"]
[WhiteElo "1963"]
[BlackElo "1657"]
[PlyCount "45"]
[EventDate "2013.??.??"]

1. e4 d5 2. exd5 Qxd5 3. Nc3 Qa5 4. d4 c6 5. Nf3 Bf5 6. Bc4 e6 7. Bd2 Nf6 8.
Nd5 Qd8 9. Nxf6+ Qxf6 10. Bg5 Qg6 11. h4 h6 12. h5 Qh7 13. Bd2 Bxc2 14. Qe2 Qe4
15. Be3 Bb4+ 16. Kf1 Qh7 17. Rc1 Bf5 18. d5 O-O 19. dxe6 fxe6 20. Nh4 Re8 21.
g4 Be4 22. f3 Bd5 23. Bd3 1-0